000 00533cam a22002291 4500
001 sa 65003783
003 DLC
005 20260227112125.0
008 890731s1964 ii 000 0 maro
010 _asa 65003783
035 _a(OCoLC)20102098
040 _aDLC
_cWaU
_dDLC
042 _apremarc
043 _aa-ii---
050 0 0 _aDS430
_b.J6
100 1 _aJoshi, Shripad,
_d1920-
245 1 0 _aVividha Bhāratī.
260 _c[1964]
300 _a90 p.
_c22 cm.
500 _aIn Marathi.
650 0 _aEthnology
_zIndia.
999 _c63359
_d63359